| 000 | 00395 a2200169 4500 | ||
|---|---|---|---|
| 001 | 190106 | ||
| 020 | _a978-85-8217-165-3 | ||
| 040 | _cMagnum | ||
| 100 | _aBarcelos, Angel | ||
| 240 | 1 | 0 |
_aMeu irmão não anda, mas pode voar _lpor |
| 245 | 1 | 0 | _aMeu irmão não anda, mas pode voar |
| 300 | _a23 | ||
| 362 | 0 | _a2013 | |
| 440 | 1 | _aAutêntica | |
| 697 | _aLITERATURA INFANTO | ||
| 942 | _cBK | ||
| 999 |
_c190106 _d190106 |
||